ARRUPE JESUIT UNIVERSITY

CORONAVIRUS -STOP THE SPREAD - CLEAN,DISINFECT,COVER

Guidelines for Christian theology in Africa / (Record no. 125541)

MARC details
000 -LEADER
fixed length control field 00871nam a2200265 a 4500
001 - CONTROL NUMBER
control field 4760672
003 - CONTROL NUMBER IDENTIFIER
control field ARRUPE
005 - DATE AND TIME OF LATEST TRANSACTION
control field 20161018101124.0
008 - FIXED-LENGTH DATA ELEMENTS--GENERAL INFORMATION
fixed length control field 850905s1983 gh b 000 0 eng
010 ## - LIBRARY OF CONGRESS CONTROL NUMBER
LC control number 85200912
020 ## - INTERNATIONAL STANDARD BOOK NUMBER
International Standard Book Number 9964875126 (cover)
Cancelled/invalid ISBN 09964875126
040 ## - CATALOGING SOURCE
Original cataloging agency DLC
Transcribing agency DLC
Modifying agency DLC
043 ## - GEOGRAPHIC AREA CODE
Geographic area code fb-----
050 00 - LIBRARY OF CONGRESS CALL NUMBER
Classification number BT30.A4I31
082 00 - DEWEY DECIMAL CLASSIFICATION NUMBER
Classification number 230/.096
Edition number 19
300 ## - PHYSICAL DESCRIPTION
Dimensions 22 cm.
100 1# - MAIN ENTRY--PERSONAL NAME
Personal name Imasogie, Osadolor,
Dates associated with a name 1928-
9 (RLIN) 26849
245 10 - TITLE STATEMENT
Title Guidelines for Christian theology in Africa /
Statement of responsibility, etc by Osadolor Imasogie.
260 ## - PUBLICATION, DISTRIBUTION, ETC. (IMPRINT)
Place of publication, distribution, etc Achimota, Ghana, West Africa :
Name of publisher, distributor, etc Africa Christian Press,
Date of publication, distribution, etc c1983.
300 ## - PHYSICAL DESCRIPTION
Extent 92 p.;
504 ## - BIBLIOGRAPHY, ETC. NOTE
Bibliography, etc Bibliography: p. 91-92.
650 #0 - SUBJECT ADDED ENTRY--TOPICAL TERM
Topical term or geographic name as entry element Theology, Doctrinal
Geographic subdivision Africa, Sub-Saharan.
9 (RLIN) 26850
906 ## - LOCAL DATA ELEMENT F, LDF (RLIN)
a 7
b cbc
c orignew
d 3
e ncip
f 19
g y-gencatlg
942 ## - ADDED ENTRY ELEMENTS (KOHA)
Source of classification or shelving scheme Library of Congress Classification
Koha item type Monograph ( Printed materials)
Holdings
Withdrawn status Lost status Source of classification or shelving scheme Damaged status Not for loan Collection code Home library Current library Shelving location Date acquired Total Checkouts Full call number Barcode Date last seen Date checked out Price effective from Koha item type
    Library of Congress Classification     Main Collection ARRUPE LIBRARY ARRUPE LIBRARY Main Collection 18/10/2016 1 BT30.A4I31 46500010798 19/01/2026 06/10/2025 18/10/2016 Monograph ( Printed materials)

 

Arrupe Library. PO Box MP320 Mt Pleasant, Harare, Zimbabwe
263 242 745411|librarian@aju.ac.zw